Stavebná mechanika ...pre posl. 3. roč. denného a diaľkového štúdia SVŠT 1. diel

Bibliographic Details
Main Author: Sobota, Ján, 1926-2002 (Author)
Format: Book
Language:Slovak
PhysicalDescription:274, [1] s. grafy, sch., tab. 4°
Published: Bratislava Slovenská vysoká škola technická 1975
Edition:1. vyd., 1. dotl.
Subjects:

MARC

LEADER 00000cam a2200000 a 4500
001 vtls008324622
003 SK-MaSNL
005 20260515125034.0
008 240315s1975 xo a p 000 0 slo
015 |a SNBA1975/03-00750 
035 |a SK01SNK19750016839 
035 |a SKM000019302 
040 |a SNK  |b slo  |c SNK  |e AACR2 
041 0 |a slo 
044 |a xo  |c SK 
080 |a 624:621.01(075.8)  |2 1981 
100 1 |a Sobota, Ján,  |d 1926-2002  |4 aut  |9 37322 
245 1 0 |a Stavebná mechanika  |b ...pre posl. 3. roč. denného a diaľkového štúdia SVŠT  |n 1. diel  |c Ján Sobota 
250 |a 1. vyd., 1. dotl. 
260 |a Bratislava  |b Slovenská vysoká škola technická  |c 1975 
300 |a 274, [1] s.  |b grafy, sch., tab.  |c 4° 
366 |e 300 výt. 
650 0 7 |a stavebná mechanika  |2 SNKPH  |9 4181 
655 7 |a učebnice vysokých škôl  |2 SNKPH  |9 70191 
958 |a OND 
958 |a RM 
958 |a RK 
958 |a UV 
958 |a NB 
999 |c 1164592  |d 1166522 
952 |a SNK  |b SNK  |y PREZ  |7 0  |p 17A0923744  |o snkSB 22015/1  |i snkKSP 2868/75  |0 0  |1 0  |4 0  |d 2014-06-04  |f 1  |l 0  |r 2025-03-26 00:00:00  |w 2026-02-24 
952 |a SNK  |b SNK  |y VYP  |7 0  |o snkSB 22015/1 D1  |i snkKSP 2869/75  |0 0  |1 0  |4 0  |d 2014-06-04  |l 0  |r 2026-02-24 20:45:04  |w 2026-02-24